| 000 | 01058 a2200325 4500 | ||
|---|---|---|---|
| 001 | 200420628 | ||
| 651 | 0 |
_955303 _aTurkey _xPolitics and government |
|
| 651 | 0 |
_aTurkey _xSocial life and customs _96395 |
|
| 651 | 0 |
_aTürkiye _xTarih _9120729 |
|
| 999 |
_c200420628 _d36631 |
||
| 003 | TR-AnTOB | ||
| 005 | 20240814073633.0 | ||
| 008 | 141128s2014 tu 000 0 | ||
| 020 | _a1904750575 | ||
| 040 |
_aTR-AnTOB _btur _erda |
||
| 041 | 0 | _aeng | |
| 050 | 0 | 0 |
_aDR401.2. _bW57 2006 |
| 090 | _aDR401.2 .W57 2006 | ||
| 245 | 1 | 0 |
_aWriting Turkey : _bexplorations in Turkish history, politics and cultural identity / _cby Gerald MacLean. |
| 264 |
_aUK: _bMiddlesex University press;, _c2006 |
||
| 300 |
_a160 pages ; _c22 cm |
||
| 336 |
_atext _2rdacontent |
||
| 337 |
_aunmediated _2rdamedia |
||
| 338 |
_avolume _2rdacarrier |
||
| 651 | 0 |
_aTürkiye _xSosyal yaşam ve gelenekler _9113794 |
|
| 651 | 7 |
_aTürkiye _xSiyaset ve yönetim _2 _9120128 |
|
| 651 | 0 |
_aTürkiye _xTarih _yKurtuluş Savaşı, 1918-1923 _910811 |
|
| 700 |
_aMacLean, Gerald _9102195 |
||
| 942 | _cBK | ||